banner-ar

اقليم الغربية فى عصر الايوبيين والمماليك ( 567 - 923 هـ \ 1171 - 1517 م ) / (Record no. 42425)

MARC details
000 -الفاتح
حقل البيانات ثابتة الطول 00848nam a2200205Ia 4500
008 - عناصر البيانات ثابتة الطول - معلومات عامة
حقل البيانات ثابتة الطول 140319s9999 xx 000 0 ara d
020 ## - الرقم الدولى المعيارى للكتب
الرقم الدولى المعيارى للكتاب 4792601977
040 ## - مصدر الفهرسة
وكالة الفهرسة الأصلية GCL /
وكالة النسخ GCL
082 04 - رقم تصنيف ديوى العشرى
رقم التصنيف ق
رقم المادة 962.141
-- ا ا
100 1# - المدخل الرئيسى - إسم شخصى
الإسم الشخصى السيد محمد احمد عطا
245 10 - بيان العنوان
العنوان اقليم الغربية فى عصر الايوبيين والمماليك ( 567 - 923 هـ \ 1171 - 1517 م ) /
بيان المسئوليه,etc السيد محمد احمد عطا
260 ## - PUBLICATION, DISTRIBUTION, ETC. (IMPRINT)
تاريخ النشر أو التوزيع 2002
300 ## - الوصف المادى
التعداد 484 ص ؛
أبعاد الوعاء 22 سم
490 ## - بيان السلسلة
عنوان السلسلة تاريخ المصريين
رقم المجلد/ التعيين التسلسلي 218
650 04 - المدخل الاضافى بالموضوع-مصطلح موضوعى
مصطلح موضوعي مصر - تاريخ - عصر المماليك ( 1250-1517 م )
650 04 - المدخل الاضافى بالموضوع-مصطلح موضوعى
مصطلح موضوعي مصر - تاريخ - العصر الايوبى ( 1171-1250 م )
650 04 - المدخل الاضافى بالموضوع-مصطلح موضوعى
مصطلح موضوعي الغربية، محافظة
942 ## - عناصر المدخل الإضافي( كوها)
مصدر التصنيف او مخطط الترفيف Dewey Decimal Classification
Koha [default] item type كتاب
260 ## - PUBLICATION, DISTRIBUTION, ETC. (IMPRINT)
-- القاهرة :
-- الهيئة المصرية العامة للكتاب ،
Holdings
حالة التراجع حالة الفقد حالة تلف ليس للاعارة المكان المؤقت الموقع الحالى تاريخ الاكتساب اجمالي اﻻعارات رقم الطلب الباركود تاريخ اخر مشاهدة تاريخ تفعيل السعر نوع وعاء كوها
        مكتبة القاهرة الكبرى مكتبة القاهرة الكبرى 03/26/2014   ق\962.141\ا ا 102450 03/26/2014 03/26/2014 كتاب
        مكتبة القاهرة الكبرى مكتبة القاهرة الكبرى 03/26/2014   ق\962.141\ا ا 102451 03/26/2014 03/26/2014 كتاب

Powered By

EGPV